| 000 | 00981nam a2200241 i 4500 | ||
|---|---|---|---|
| 001 | 144115 | ||
| 003 | ES-MaACL | ||
| 005 | 20231024172020.0 | ||
| 007 | t| | ||
| 008 | 070214s1970 sp r ||||1| spa d | ||
| 111 | 2 |
_aSimposio de Estudios Sefardíes ( _cMadrid ( _d1964) ( _n. 1º) _9220971 |
|
| 245 | 1 | 0 |
_aActas del Primer Simposio de Estudios Sefardíes / _cedición a cargo de Iacob M. Hassán ; con la colaboración de Mª Teresa Rubiato y Elena Romero. |
| 260 |
_aMadrid : _bInstituto Arias Montano, _c1970. |
||
| 300 |
_aXXVI, 781 p., 27 lám. ; _c25 cm. |
||
| 490 | 1 |
_aPublicaciones de estudios sefardíes. Serie 1. Colectanea ; _v1 |
|
| 650 | 0 | 4 |
_aSefardíes. _917011 |
| 700 | 1 |
_aHassán, Iacob M. _962044 |
|
| 700 | 1 |
_aRubiato, María Teresa. _9100314 |
|
| 700 | 1 |
_aRomero, Elena, _d1942- _999318 |
|
| 830 | 0 |
_aPublicaciones de estudios sefardíes. Serie 1. Colectanea ; _v1 _9220638 |
|
| 852 |
_aES-MaACL _jC-37440 _bR.75803 |
||
| 999 |
_c144115 _d144115 |
||